Statistics for Calvin Harris Discography

Click here to take the quiz!

General Stats

  • This quiz has been taken 8 times
    (3 since last reset)
  • The average score is 5 of 14

Answer Stats

TypeYearName% Correct
Album2017Funk Wav Bounces Vol. 1
100%
Album2014Motion
100%
Album201218 Months
67%
Album2007I Created Disco
67%
EP2020Love Regenerator 1
33%
EP2020Love Regenerator 2
33%
EP2020Love Regenerator 3
33%
Collaborative EP2020Love Regenerator x Eli Brown
33%
Collaborative EP2018Normani x Calvin Harris
33%
Album2009Ready for the Weekend
33%
Live EP2008iTunes Live: Berlin Festival
0%
Live EP2009iTunes Live: London Festival '09
0%
Mix Album2010L.E.D. Festival Presents Calvin Harris
0%
Live EP2007Napster Live Session
0%

Score Distribution

Percentile by Number Answered

Percent of People with Each Score

Your Score History

You have not taken this quiz since the last reset